ბათუმის შოთა რუსთაველის სახელმწიფო უნივერსიტეტის ბიბლიოთეკა

A Handbook of Environmental Toxicology : (ბიბ.ჩანაწერი № 62286)

000 -LEADER
fixed length control field 00786nam a22001937a 4500
005 - DATE AND TIME OF LATEST TRANSACTION
control field 20240916132311.0
008 - FIXED-LENGTH DATA ELEMENTS--GENERAL INFORMATION
fixed length control field 240916s2020 enk||||| |||| 00| 0 eng d
020 ## - INTERNATIONAL STANDARD BOOK NUMBER
International Standard Book Number 9781786394675x
041 ## - LANGUAGE CODE
Language code of text/sound track or separate title eng
080 ## - UNIVERSAL DECIMAL CLASSIFICATION NUMBER
Universal Decimal Classification number 504.5:574 A-10
100 ## - MAIN ENTRY--PERSONAL NAME
Personal name D'Mello, J.P.F.
9 (RLIN) 23229
245 ## - TITLE STATEMENT
Title A Handbook of Environmental Toxicology :
Remainder of title Human Disorders and Ecotoxicology /
Statement of responsibility, etc. Edited by J.P.F. D'Mello.
264 ## - PRODUCTION, PUBLICATION, DISTRIBUTION, MANUFACTURE, AND COPYRIGHT NOTICE
Place of production, publication, distribution, manufacture Wallingford :
Name of producer, publisher, distributor, manufacturer CABI,
Date of production, publication, distribution, manufacture, or copyright notice 2020.
300 ## - PHYSICAL DESCRIPTION
Extent 621 p. ;
Other physical details 25 cm.
653 ## - INDEX TERM--UNCONTROLLED
keyword გარემოსდაცვითი ტოქსიკოლოგია
653 ## - INDEX TERM--UNCONTROLLED
keyword ადამიანის დარღვევები და ეკოტოქსიკოლოგია
700 ## - ADDED ENTRY--PERSONAL NAME
Personal name D'Mello, J.P.F.
Relator term რედაქტორი
9 (RLIN) 23230
942 ## - ADDED ENTRY ELEMENTS (KOHA)
Source of classification or shelving scheme
Koha item type წიგნი
ეგზემპლარები
Withdrawn status Lost status Source of classification or shelving scheme Damaged status Not for loan Permanent Location Current Location Shelving location Date acquired Cost, normal purchase price Full call number Barcode Date last seen Copy number Price effective from Koha item type Public note
          ბათუმის შოთა რუსთაველის სახელმწიფო უნივერსიტეტის მთავარი ბიბლიოთეკა ბათუმის შოთა რუსთაველის სახელმწიფო უნივერსიტეტის მთავარი ბიბლიოთეკა წიგნსაცავი 2024-09-16 246.00 504.5:574 A-10 68862 2024-09-16 68862 2024-09-16 წიგნი 246 ლ.
          ბათუმის შოთა რუსთაველის სახელმწიფო უნივერსიტეტის მთავარი ბიბლიოთეკა ბათუმის შოთა რუსთაველის სახელმწიფო უნივერსიტეტის მთავარი ბიბლიოთეკა წიგნსაცავი 2024-09-16 246.00 504.5:574 A-10 68860 2024-09-16 68860 2024-09-16 წიგნი 246 ლ.